Řízení úvěrových rizik z pohledu hypoteční banky

Potreba rešpektovania špecifík hypotekárneho úverovania. Riadenie rizík vyplývajúcich z hypotekárnych úverov (Českomoravská hypoteční banka, ČMHB). Predvídanie rizík. Rating úverovaného subjektu. Priame a nepriame riadenie rizík. Práca s prijatým rizikom a prevencia v podobe risk manažérov.

Na minha lista:
Detalhes bibliográficos
Autor principal: Hrubeš, Pavel
Formato: Capítulo de Livro
Idioma:tcheco
Assuntos:
Tags: Adicionar Tag
Sem tags, seja o primeiro a adicionar uma tag!

MARC

LEADER 00000naa a2200000 4500
001 r048526
005 20231004072931.9
041 0 |a cze 
044 |a CZ 
245 1 0 |a Řízení úvěrových rizik z pohledu hypoteční banky  |c Pavel Hrubeš 
520 |a Potreba rešpektovania špecifík hypotekárneho úverovania. Riadenie rizík vyplývajúcich z hypotekárnych úverov (Českomoravská hypoteční banka, ČMHB). Predvídanie rizík. Rating úverovaného subjektu. Priame a nepriame riadenie rizík. Práca s prijatým rizikom a prevencia v podobe risk manažérov. 
610 2 0 |a riziko úverové 
610 2 0 |a risk management 
610 2 0 |a banky hypotekárne 
610 2 0 |a hypotéky 
610 2 0 |a rating 
610 2 0 |a úver hypotekárny 
610 2 0 |a Česko 
610 2 0 |a Českomoravská hypoteční banka 
100 1 |a Hrubeš, Pavel